000 00775nam a2200241Ia 4500
003 OSt
005 20220923224905.0
006 a|||||r|||| 00| 0
007 ta
008 220922b |||||||| |||| 00| 0 hin d
024 _a253,207
037 _cTextual
040 _aARTS
_cARTS
_bhin
041 _2hin
_ahin
082 _aO152,3x, K0
100 _aविद्यांलकार, चन्द्रगुप्त
245 0 _aचौदह हिन्दी कहानियां
246 _aChaudah hindī kahāniyāan
260 _c1960
650 _aहिन्दी साहित्य
_9156264
942 _hO152,3x, K0
_cTEXL
_2CC
999 _c374425
_d374425